00885naa#a2200169#i#4500001002000000005001700020011001400037100004100051102000700092200026500099210007800364215001100442608004500453675014900498700005200647856001600699RU\RIOR\bibl\12613920260629104703.1##a2409-6024##a20260530b2026####ek#y0rusy0150####ca##aRU1#aИНСТРУМЕНТЫ СОГЛАСОВАНИЯ ОТРАСЛЕВЫХ И ТЕРРИТОРИАЛЬНЫХ ИНТЕРЕСОВ В СИСТЕМЕ ГОСУДАРСТВЕННОГО И МУНИЦИПАЛЬНОГО УПРАВЛЕНИЯeЖурнальная статья1#aМоскваcООО "Издательский Центр РИОР"d2026##a19 с.##aЖурнальная статья2local##aНизшая ступень органов управления. Местное управление. Общинное управление. 352#1aДмитриеваgЕлена Олеговна4#ariorpub.com